Normal view
MARC view
- RAFIQUZZAMAN, MUHAMMAD
Entry Personal Name
001 - CONTROL NUMBER
- control field: 73804
003 - CONTROL NUMBER IDENTIFIER
- control field: NUST
005 - DATE AND TIME OF LATEST TRANSACTION
- control field: 20210628205102.0
008 - FIXED-LENGTH DATA ELEMENTS
- fixed length control field: 210628|| aca||aabn | a|a d
040 ## - CATALOGING SOURCE
- Original cataloging agency: NUST
- Transcribing agency: NUST
100 ## - HEADING--PERSONAL NAME
- Personal name: RAFIQUZZAMAN, MUHAMMAD
670 ## - SOURCE DATA FOUND
- Source citation: Work cat.: (NUST): RAFIQUZZAMAN, MUHAMMAD, MICROPROCESSORS AND MICROCOMPUTERS DEVELOPMENT SYSTEMS:DESIGNING MICROPROCESSOR BASED SYSTEM, 1984
